00682nam a2200205 4500999001900000005001700019010001500036020002500051035001400076037001300090082000800103100001800111245006700129260003700196270006000233300002000293700002500313942002200338952011600360 c188966d18896620220608144446.0 aENG-133140 a9788126040506c50.00 aEN-116672 bDBAD/PUB a921 aAnsari, Naami aMakers of Indian Literature:bDaya Narain Nigam/cNaami Ansari aNew DelhibSahitya Akademic2012 aRabindra Bhavan, 35, Ferozeshah RoadbNew Delhie110001 a64p.c21cm(pbk) aMohammad Umar Burney 2ddccENh921mANS 001040708NFICaAVbAVd2022-06-08eDBAD/PUBg50.00l0o921 ANSpEN-116672r2022-06-08 00:00:00t1v50.00yEN